000 00751nam a22001937a 4500
003 OSt
005 20240528105324.0
008 240523b ||||| |||| 00| 0 eng d
040 _cAIMIT LIBRARY
100 _aPereira, Flanny Carmel.
_e2016045
_9166926
245 _aStudy on safety and health measures towards the welfare of construction site employees with reference to nirmal estates quepem Goa /
_cBy Flanny Carmel Pereira ; Guided by Flanny Carmel Pereira.
260 _aGoa ;
_c2022.
650 _aIndustry profile company profile and introduction to study
_9168145
650 _aLiterature review
_9168146
650 _aResearch methodology
_9168147
700 _aHarinakshi.
_eGuide
_9166927
856 _3Nirmal Estates
942 _2ddc
_cPRO
999 _c230874
_d230874